Memoria nueva de antiguos oficios (Registro nro. 11623)

Detalles MARC
000 -LIDER
fixed length control field 01127nam a22003855b 4500
001 - NÚMERO DE CONTROL
Identificador de número de control 004157
003 - IDENTIFICACDOR DE NÚMERO DE CONTROL
control field DO-SdBNP
005 - DATE AND TIME OF LATEST TRANSACTION
control field 20180220151840.0
007 - CAMPOS FIJOS DE DESCRIPCIÓN FÍSICA
fixed length control field 004157
008 - ELEMENTOS DE LONGITUD FIJA
fixed length control field 941006s1992 sp | |||| ||spa
016 7# - NO. DE CONTROL DE LA AGENCIA BIB. NACIONAL
Record control number
Source BPMSU
017 ## - NÚMERO DE REGISTRO DE DERECHOS DE AUTOR
Copyright or legal deposit number
Assigning agency
020 ## - ISBN
International Standard Book Number 8434829479
035 ## - NÚMERO LOCAL
System control number
040 ## - FUENTE DE CATALOGACIÓN
Agencia que crea de manera original el registro BPMUS
Idioma de catalogación spa
Agencia que realiza la transcripción BPMSU
Convenciones de la despripción
041 1# - CÓDIGOS DE OBRAS TRADUCIDAS O EN VARIOS IDIOMAS
Código del idioma del texto/archivo de sonido o separata spa
Cód. del idioma original y/o traducciones intermedias del texto
080 #0 - NÚMERO DE CLASIFICACIÓN DECIMAL UNIVERSAL
Universal Decimal Classification number
082 ## - NÚMERO DE CLASIFICACIÓN DECIMAL DE DEWEY
Classification number 869.93
Item number M379m 1992
100 1# - ASIENTO PRINCIPAL -- NOMBRE PERSONAL
Nombre personal Martín, Paco
Fechas asociadas con el nombre 1940-
240 10 - TITULO UNIFORME
Título uniforme Lembranza nova de vellos mesteres
Idioma de una obra Español
245 10 - MENCIÓN DE TITULO
Título Memoria nueva de antiguos oficios
Mención de responsabilidad Paco Martín ; traducción, Ángela Franco ; ilustraciones, Xoán Balboa
Medio (Designación general de material)
250 ## - MENCIÓN DE EDICION
Mención de edición 2ª ed.
260 ## - PUBLICACIÓN, DISTRIBUCIÓN, ETC. (PIE DE IMPRENTA)
Lugar de publicación, distribución, etc Madrid :
Nombre del editor, distribuidor, etc. Ediciones SM,
Fecha de publicación, distribución, etc 1992
300 ## - DESCRIPCIÓN FÍSICA
Extensión 123 p.;
Dimensiones 20 cm
490 1# - MENCIÓN DE SERIES
Mención de serie El barco de vapor ,
Volume/sequential designation 183.
Mención de serie Serie roja
Volume/sequential designation 55
500 ## - NOTA GENERAL
Nota general A partir de 12 años
650 ## - ENCABEZAMIENTO DE MATERIA--TEMÁTICO
Término temático o nombre geográfico como elemento de entrada CUENTOS JUVENILES GALLEGOS
700 1# - ASIENTO SECUNDARIO -- NOMBRE PERSONAL
Nombre personal Franco, Ángela
700 1# - ASIENTO SECUNDARIO -- NOMBRE PERSONAL
Nombre personal Balboa, Xoán
Fechas asociadas con el nombre 1938-
830 #3 - ASIENTO SECUNDARIO DE SERIE--TÍTULO UNIFORME
Volume number/sequential designation
830 #3 - ASIENTO SECUNDARIO DE SERIE--TÍTULO UNIFORME
Título uniforme El barco de vapor. ;
Nombre de la parte o sección de una obra Serie roja,
Volume number/sequential designation 55
942 ## - ADDED ENTRY ELEMENTS (KOHA)
Source of classification or shelving scheme Dewey Decimal Classification
Koha item type Libros
945 ## - INFORMACIÓN DE PROCESAMIENTO LOCAL
Información de procesamiento local Inventariado, 2018 / BT
956 ## - LOCAL ELECTRONIC LOCATION AND ACCESS (OCLC)
Nombre de host VMATEO
Número de acceso 10
Información de compresión 20161020
Trayectoria BPMSU
Nombre Electrónico 0069
Existencias
Withdrawn status Lost status Source of classification or shelving scheme Damaged status Not for loan Collection code Home library Current library Date acquired Source of acquisition Total Checkouts Full call number Barcode Date last seen Price effective from Koha item type
    Dewey Decimal Classification     Colección Infantil General Biblioteca Pública Metropolitana Salomé Ureña Biblioteca Pública Metropolitana Salomé Ureña 10/20/2016 Agencia de Cooperación Internacional de Japón   869.93 M379m 1992 BPMSU16100291 10/20/2016 10/20/2016 Libros